000 00188 a2200097 4500
020 _a090129003501
041 _aeng
100 _aKamida, Vicki
245 _aX-men dark phoenix
942 _cBK
999 _c30112
_d30110